<?xml version="1.0" encoding="UTF-8"?>
<record
    xmlns:xsi="http://www.w3.org/2001/XMLSchema-instance"
    xsi:schemaLocation="http://www.loc.gov/MARC21/slim http://www.loc.gov/standards/marcxml/schema/MARC21slim.xsd"
    xmlns="http://www.loc.gov/MARC21/slim">

  <leader>00780naa a2200157 i 4500</leader>
  <controlfield tag="001">9934</controlfield>
  <controlfield tag="003">KOSZ 005</controlfield>
  <controlfield tag="005">20180412102831.0</controlfield>
  <controlfield tag="008">080714s2008    pl     fq    |000 0 pol  </controlfield>
  <datafield tag="040" ind1=" " ind2=" ">
    <subfield code="a">WA N</subfield>
    <subfield code="c">WA N</subfield>
    <subfield code="d">KOSZ 005/HR</subfield>
  </datafield>
  <datafield tag="100" ind1=" " ind2=" ">
    <subfield code="a">ZAJKOWSKI, Konrad.</subfield>
    <subfield code="b">Politechnika Koszali&#x144;ska - Wydzia&#x142; Mechaniczny,</subfield>
    <subfield code="c">Katedra Zastosowa&#x144; Elektroniki i Elektrotechniki</subfield>
    <subfield code="d">1999 - . </subfield>
  </datafield>
  <datafield tag="245" ind1="1" ind2="0">
    <subfield code="a">Uk&#x142;ady zasilaj&#x105;ce /</subfield>
    <subfield code="c">Konrad Zajkowski.</subfield>
  </datafield>
  <datafield tag="538" ind1=" " ind2=" ">
    <subfield code="a">Wymagania systemowe: IBM PC; Windows 98 lub nowszy; Acrobat Reader; czytnik CD-ROM.</subfield>
  </datafield>
  <datafield tag="773" ind1=" " ind2=" ">
    <subfield code="i">W : </subfield>
    <subfield code="t">Podstawy elektrotechniki i elektroniki dla nieelektryk&#xF3;w. T. 1, Laboratorium. [CD] / pod red. Jerzego Smyczka. -</subfield>
    <subfield code="d">Koszalin : Wydaw. Uczelniane Politechniki Koszali&#x144;skiej, 2008. -</subfield>
    <subfield code="g">s. 207-236.</subfield>
    <subfield code="z">9788373651555</subfield>
  </datafield>
  <datafield tag="942" ind1=" " ind2=" ">
    <subfield code="2">UKD</subfield>
    <subfield code="c">ROZ</subfield>
  </datafield>
  <datafield tag="999" ind1=" " ind2=" ">
    <subfield code="c">9934</subfield>
    <subfield code="d">9934</subfield>
  </datafield>
</record>
